Macroeconomía para la gerencia latinoamericana (Registro nro. 21636)

Detalles MARC
000 -Cabecera
Campo de control interno 01315nam a2200277Ia 4500
005 - Fecha y hora del registro
control field 20260416150020.0
008 - Elementos de Longitud Fija
fixed length control field 260320s9999||||xx |||||||||||||| ||und||
020 ## - ISBN
ISBN 9789585033641
041 ## - Idioma
Codigo Idioma ESP
082 ## - DEWEY y NOTACIÓN INTERNA
Dewey 339.098
Notación Interna O31
100 ## - AUTOR
Autor denominación Ochoa Díaz, Héctor,
Término de relación autor
245 #0 - TÍTULO DE MATERIAL BIBLIOGRÁFICO
Título Macroeconomía para la gerencia latinoamericana
250 ## - EDICIÓN
Edición Primera edición
260 ## - CIUDAD, EDITORIAL, AÑO
Ciudad Bogotá :
Nombre de la Editorial Ecoe Ediciones,
Año 2022
300 ## - DESCRIPCIÓN
N° Páginas 221 páginas :
Otros detalles tablas, gráficos ;
Dimensiones 24 cm.
440 ## - MENCIÓN DE SERIE
Título de la Serie (Ciencias empresariales. Economía)
650 ## - TEMAS
Temas Ciencias Sociales
653 ## - DESCRIPTORES
Lenguajes no controlado Macroeconomía - América Latina - Estudio de casos; Política fiscal - América Latina; Politica monetaría - América Latina
654 ## - PROGRAMAS
Programa Dpto. de Administración de Negocios
700 ## - OTROS AUTORES
Otros autores Giovanni González Espitia, Carlos,
Títulos y otras palabras asociadas con el nombre autor
856 ## - URL - UBICACIÓN
URI/URL: Enlace exacto del recurso <a href="https://0u213wr4a-y-https-ebooks7--24-com.itmsp.museknowledge.com/visorBook.aspx?i=16476&t=871A8D76-43E5-4AA4-B358-BE6935B0B514">https://0u213wr4a-y-https-ebooks7--24-com.itmsp.museknowledge.com/visorBook.aspx?i=16476&t=871A8D76-43E5-4AA4-B358-BE6935B0B514</a>
Nota pública: Versión digital <a href="Véase además: Macroeconomía: versión para Latinoamérica. Versión digital">Véase además: Macroeconomía: versión para Latinoamérica. Versión digital</a>
856 ## - URL - UBICACIÓN
URI/URL: Enlace exacto del recurso <a href="https://0u213wr54-y-https-ebooks7--24-com.itmsp.museknowledge.com/biblioteca.aspx">https://0u213wr54-y-https-ebooks7--24-com.itmsp.museknowledge.com/biblioteca.aspx</a>
Nota pública: Versión digital <a href="Véase además: Base de datos Ebook7-24">Véase además: Base de datos Ebook7-24</a>
856 ## - URL - UBICACIÓN
URI/URL: Enlace exacto del recurso <a href="https://0u20fwr4n-y-https-research-ebsco-com.itmsp.museknowledge.com/c/qxo6us/search">https://0u20fwr4n-y-https-research-ebsco-com.itmsp.museknowledge.com/c/qxo6us/search</a>
Nota pública: Versión digital <a href="Véase además: Base de datos EBSCOhost">Véase además: Base de datos EBSCOhost</a>
942 ## - ELEMENTOS DE KOHA
Tipo de documento Libro
Nombre del creador Justo Noguera
Código de catalogador Margarita Torres
Esquema de clasificación Dewey Decimal Classification
Existencias
Codigo completo Registro Colección Copia número Disponibilidad Tipo de préstamo Biblioteca Actual Procedencia (Biblioteca) Ubicacón Fecha Ingreso Tipo de Adquisición Date last seen Total checkouts Price effective from Tipo de Item Estado del Material Fuente de Clasificación Damaged status Withdrawn status
339.098 O31 1085183 Universidad Católica San Pablo 1 Disponible Disponible Víctor Andrés Belaunde Víctor Andrés Belaunde Planta baja abierta 24/03/2026 Compra 24/03/2026   24/03/2026 Libro Bueno Dewey Decimal Classification    
339.098 O31 1082754 Universidad Católica San Pablo 2 Disponible Disponible Víctor Andrés Belaunde Víctor Andrés Belaunde Planta baja abierta 24/03/2026 Compra 24/03/2026   24/03/2026 Libro Bueno Dewey Decimal Classification